[Event "Hyderabad U1500 op 3rd"]
[Site "Hyderabad"]
[Date "2018.12.08"]
[Round "3.2"]
[White "Akhil, Alapati"]
[Black "Sailesh, R."]
[Result "0-1"]
[WhiteElo "1454"]
[BlackElo "1310"]
[PlyCount "74"]
[EventDate "2018.12.08"]
[EventType "swiss"]
[EventRounds "9"]
[EventCountry "IND"]
[SourceTitle "EXT 2024"]
[Source "ChessBase"]
[SourceDate "2023.10.10"]
[SourceVersion "1"]
[SourceVersionDate "2023.10.10"]
[SourceQuality "1"]

1. d4 Nf6 2. c4 e6 3. Nc3 Bb4 4. Qc2 0-0 5. Bg5 d5 6. cxd5 exd5 7. e3 Nbd7 8. Bd3 h6 9. Bh4 Re8 10. a3 Be7 11. Nf3 b6 12. Bb5 Bb7 13. Ne5 a6 14. Nc6 Qc8 15. Nxe7+ Rxe7 16. Bxd7 Qxd7 17. Bxf6 gxf6 18. Ne2 Qg4 19. h3 Qg6 20. Qb3 Kh7 21. g4 Rc8 22. Ng3 Re6 23. f4 Rce8 24. Nf5 c5 25. Kd2 cxd4 26. Rhe1 dxe3+ 27. Rxe3 Rxe3 28. Nxe3 Qe4 29. Re1 b5 30. Qd3 f5 31. gxf5 Qxf4 32. Kd1 d4 33. f6+ Be4 34. Qxd4 Bf3+ 35. Kc1 Qxd4 36. Nc2 Rxe1+ 37. Nxe1 Qf4+ 0-1